00738nam a2200217 i 450000100060000000300090000600500170001500700030003200800410003508000230007608000190009910000390011824501100015726000450026730000220031249000440033465100500037865100270042883000440045585200210049945961ES-MaACL20251011063104.0t|030327s1874 sp ||||1| spa d a94(460)"0711/1492" a94(460=411.21)1 aConde, José Antonio, d1766-182010aHistoria de la dominación de los árabes en España b: [obra completa] / cpor José Antonio Conde. aMadrid : b[s.n.], c1874 (fR. Vicente) a327 p. ; c27 cm.1 aBiblioteca de historiadores españoles 4aEspaña-xHistoria-y0711-1492, Reconquista. 4aAl-Andalus-xHistoria.00aBiblioteca de historiadores españoles aES-MaACLjG-5880